[Event "DRUZYNOWE MISTRZOSTWA POLSKI JUNIOROW - II LIGA"]
[Site "Szczyrk, CKiR Orle Gniazdo ul. Wrzosowa 28a"]
[Date "2014-07-27"]
[Round "4.114"]
[White "Ruttar, Lukasz"]
[Black "Kosior, Jan"]
[Result "0-1"]
[WhiteTitle "II"]
[BlackTitle "II"]
[WhiteElo "1507"]
[BlackElo "1424"]

1. e4 c5 2. Nf3 Nc6 3. d4 cxd4 4. Nxd4 e6 5. Nc3 a6 6. a3 Be7 7. Be2 Qc7 8. Be3
Nf6 9. O-O O-O 10. Nb3 d6 11. f4 Bd7 12. Qd2 Rad8 13. Rfd1 Bc8 14. Bf3 b5 15.
Qf2 Nd7 16. g4 Bb7 17. Rd2 Qb8 18. Rad1 Qa8 19. h3 Nf6 20. Bb6 Rc8 21. Qe2 Nd7
22. Bf2 Nf6 23. Kg2 Rfe8 24. e5 dxe5 25. fxe5 Nxe5 26. Bxb7 Qxb7+ 27. Kg3 Rxc3+
28. bxc3 Ne4+ 29. Kh2 Nxd2 30. Nxd2 Ng6 31. Ra1 Bd6+ 32. Bg3 Bxg3+ 33. Kxg3 Qc7+
34. Kf3 0-1

[Event "DRUZYNOWE MISTRZOSTWA POLSKI JUNIOROW - II LIGA"]
[Site "Szczyrk, CKiR Orle Gniazdo ul. Wrzosowa 28a"]
[Date "2014-07-27"]
[Round "4.115"]
[White "Wierzba, Maksymilian"]
[Black "Zarnowski, Krzysztof"]
[Result "0-1"]
[WhiteTitle "II"]
[BlackTitle "I+"]
[WhiteElo "1463"]
[BlackElo "1906"]

1. f4 d5 2. Nf3 Nf6 3. g3 c5 4. e3 Nc6 5. d3 g6 6. Bg2 Bg7 7. O-O O-O 8. Qe2 Bg4
9. Nbd2 e5 10. fxe5 Nxe5 11. h3 Bxf3 12. Nxf3 Nh5 13. Qf2 f5 14. d4 Nc4 15. c3
Nf6 16. Nd2 Nxd2 17. Bxd2 c4 18. Rab1 Qd6 19. Kh2 Bh6 20. Rfe1 b5 21. Re2 Kg7
22. Rbe1 Rae8 23. Bh1 Bg5 24. Bf3 h5 25. Kh1 Re6 26. Bg2 Rfe8 27. Kg1 Rf8 28.
Rf1 Rh8 29. h4 Ng4 30. Qf3 Bxh4 31. Qxd5 Qxg3 32. Rf3 Qh2+ 33. Kf1 Qd6 34. Rh3
Bg5 35. Qxb5 Rb8 36. Qxc4 Rxb2 37. Qa4 Rb1+ 38. Re1 Rxe1+ 39. Kxe1 Bxe3 40. Bxe3
Nxe3 41. Rxe3 Rxe3+ 42. Kd2 Qf4 43. Kc2 Re2+ 44. Kb3 Qb8+ 45. Kc4 Rxg2 46. Qd7+
Kh6 47. d5 Rg4+ 48. Kd3 Qb1+ 49. Ke3 Qe4+ 50. Kd2 Rg2+ 51. Kc1 Qc2# 0-1

[Event "DRUZYNOWE MISTRZOSTWA POLSKI JUNIOROW - II LIGA"]
[Site "Szczyrk, CKiR Orle Gniazdo ul. Wrzosowa 28a"]
[Date "2014-07-27"]
[Round "4.116"]
[White "Swider, Pawel"]
[Black "Sloniewski, Kacper"]
[Result "1-0"]
[WhiteTitle "II"]
[BlackTitle "II"]
[WhiteElo "1400"]
[BlackElo "1093"]

1. e4 g6 2. d4 Bg7 3. Nc3 d6 4. Be3 Nf6 5. Be2 O-O 6. Nf3 Nbd7 7. O-O e5 8. d5
a6 9. a4 b6 10. h3 a5 11. Nd2 Ba6 12. Nb5 Nc5 13. Bg5 Qd7 14. Bxf6 Bxf6 15. Bg4
Qe7 16. Qe1 Bg7 17. Qe3 h5 18. Bf3 Kh7 19. Nb3 Bxb5 20. axb5 Qd7 21. Nxc5 bxc5
22. c4 Bh6 23. Qc3 Ra7 24. Rxa5 Rfa8 25. Rfa1 Rxa5 26. Rxa5 Rxa5 27. Qxa5 Bc1
28. Qa1 Bd2 29. Qa7 Qd8 30. b6 cxb6 31. Qxf7+ Kh6 32. Qe6 Qf8 33. h4 Kh7 34. Kf1
Bh6 35. Qd7+ Bg7 36. Kg1 Qb8 37. Qf7 b5 38. g4 hxg4 39. Bxg4 bxc4 40. h5 Kh8 41.
Qxg6 Qf8 42. Bf5 Kg8 43. h6 Qf6 44. Qxg7+ Qxg7+ 45. hxg7 Kxg7 46. Kg2 Kf6 47.
Kg3 Kg5 48. Bd7 Kh5 49. f4 exf4+ 50. Kxf4 Kg6 51. e5 dxe5+ 52. Kxe5 Kf7 53. d6
Kf8 54. Ke6 Kg8 55. Bb5 c3 56. bxc3 Kh7 57. d7 Kg7 58. d8=Q Kh6 59. Qg8 c4 60.
Kf6 Kh5 61. Qg5# 1-0

[Event "DRUZYNOWE MISTRZOSTWA POLSKI JUNIOROW - II LIGA"]
[Site "Szczyrk, CKiR Orle Gniazdo ul. Wrzosowa 28a"]
[Date "2014-07-27"]
[Round "4.117"]
[White "Szczapa, Piotr"]
[Black "Krezolek, Mateusz"]
[Result "0-1"]
[WhiteTitle "II"]
[BlackTitle "III"]
[WhiteElo "1170"]
[BlackElo "1113"]

1. e4 e5 2. Nf3 Nc6 3. Bc4 Bc5 4. c3 Nf6 5. d3 d6 6. O-O O-O 7. Nbd2 Be6 8. Bb5
a6 9. Ba4 b5 10. Bc2 d5 11. Re1 Qd6 12. Nf1 h6 13. Ng3 dxe4 14. dxe4 Qxd1 15.
Rxd1 Ng4 16. Rd2 Rad8 17. b3 Rxd2 18. Bxd2 Bxf2+ 19. Kf1 Be3 20. Ke2 Bxd2 21.
Kxd2 Rd8+ 22. Ke2 a5 23. h3 Nf6 24. Rd1 Rxd1 25. Bxd1 Kf8 26. Kd3 g6 27. a3 Ke7
28. c4 b4 29. axb4 axb4 30. Nf1 Nd7 31. Bc2 Nc5+ 32. Kd2 Kd6 33. Ne3 Na5 34. Nd5
Bxd5 35. cxd5 Naxb3+ 36. Bxb3 Nxb3+ 37. Kd3 Nc5+ 38. Ke3 b3 39. Nd2 f5 40. Nc4+
Ke7 41. exf5 gxf5 42. g4 fxg4 43. hxg4 Na4 44. Kd3 e4+ 45. Kd2 b2 46. Kc2 b1=Q+
47. Kxb1 Nc3+ 48. Kc2 Nxd5 49. Kd2 e3+ 50. Nxe3 Nxe3 51. Kxe3 Kf6 52. Kf4 c5 53.
g5+ hxg5+ 54. Ke4 g4 55. Kf4 c4 56. Ke3 c3 57. Kd3 g3 58. Ke2 g2 59. Kf2 c2 60.
Kxg2 c1=Q 61. Kh3 Qg5 62. Kh2 Qg4 63. Kh1 Kf5 64. Kh2 Kf4 65. Kh1 Kf3 66. Kh2
Qg2# 0-1

[Event "DRUZYNOWE MISTRZOSTWA POLSKI JUNIOROW - II LIGA"]
[Site "Szczyrk, CKiR Orle Gniazdo ul. Wrzosowa 28a"]
[Date "2014-07-27"]
[Round "4.118"]
[White "Ziemba, Magdalena"]
[Black "Dabrowska, Aleksandra"]
[Result "1-0"]
[WhiteTitle "I"]
[BlackTitle "II"]
[WhiteElo "1589"]
[BlackElo "1372"]

1. d4 d5 2. c4 c6 3. Nc3 Nf6 4. cxd5 cxd5 5. Bf4 Nc6 6. e3 a6 7. Bd3 e6 8. Nf3
Be7 9. O-O Nh5 10. Bg3 Nxg3 11. hxg3 Bf6 12. Na4 O-O 13. Rc1 Nb4 14. Bb1 Bd7 15.
Nc5 Bb5 16. Re1 b6 17. Na4 Rb8 18. a3 Nc6 19. Nc3 Na7 20. a4 Bd7 21. Qd3 g6 22.
Qxa6 Nc6 23. Qe2 Na5 24. Nd2 Qe8 25. b3 Be7 26. Bd3 Bb4 27. Ba6 Bc6 28. Qd3 f6
29. Re2 Qd7 30. Na2 Bxd2 31. Rxd2 b5 32. Qc3 bxa4 33. Qxa5 axb3 34. Nb4 Ba8 35.
Rb2 Qd6 36. Rxb3 e5 37. Rc5 exd4 38. exd4 Rfe8 39. Rb1 Qe6 40. Rbc1 Rxb4 41. Qxb4
Qxa6 42. Rc7 g5 43. Qc5 f5 44. Ra7 Qe6 45. Qc7 Qf6 46. Qxh7+ Kf8 47. Rcc7 Re7
48. Rxe7 Bb7 49. Rexb7 f4 50. Ra8+ Qd8 51. Rxd8# 1-0

[Event "DRUZYNOWE MISTRZOSTWA POLSKI JUNIOROW - II LIGA"]
[Site "Szczyrk, CKiR Orle Gniazdo ul. Wrzosowa 28a"]
[Date "2014-07-27"]
[Round "4.119"]
[White "Kaczmarska, Joanna"]
[Black "Pedrak, Paulina"]
[Result "0-1"]
[WhiteTitle "I++"]
[BlackTitle "I"]
[WhiteElo "1717"]
[BlackElo "1395"]

1. d4 d5 2. c4 e6 3. Nc3 c6 4. Nf3 Nf6 5. Bg5 Nbd7 6. cxd5 exd5 7. Qc2 Bb4 8. e3
Qa5 9. Bd3 O-O 10. O-O Re8 11. Ne5 h6 12. Bxf6 Nxf6 13. f4 Ng4 14. Nxg4 Bxg4 15.
Rae1 Re7 16. h3 Bd7 17. f5 Rae8 18. Rf3 f6 19. Re2 Rc8 20. Qb3 Be8 21. Rc2 Bf7
22. a3 Bd6 23. Qa2 Rce8 24. b4 Qd8 25. Nd1 Rc7 26. Nf2 b6 27. Qb2 c5 28. b5 c4
29. Bf1 Rce7 30. Rc3 Qa8 31. Ng4 a6 32. e4 dxe4 33. Rf2 h5 34. Ne3 axb5 35. Qxb5
Bxa3 36. Nxc4 Ra7 37. Rd2 Bf8 38. Nxb6 Qb7 39. Rb2 e3 40. Qe2 Qe4 41. Qd3 Qf4
42. g4 hxg4 43. hxg4 Ra1 44. Qe2 Qxd4 45. Rcc2 Re4 46. Qh2 e2+ 0-1

[Event "DRUZYNOWE MISTRZOSTWA POLSKI JUNIOROW - II LIGA"]
[Site "Szczyrk, CKiR Orle Gniazdo ul. Wrzosowa 28a"]
[Date "2014-07-27"]
[Round "4.120"]
[White "Czerw, Dawid"]
[Black "Kruszynski, Krzysztof"]
[Result "1-0"]
[WhiteTitle "I++"]
[BlackTitle "II"]
[WhiteElo "1993"]
[BlackElo "1675"]

1. d4 d5 2. c4 e6 3. Nc3 Nf6 4. cxd5 exd5 5. Bg5 c6 6. e3 Bf5 7. Qf3 Bg6 8. Bxf6
Qxf6 9. Qxf6 gxf6 10. Kd2 Bd6 11. Bd3 O-O 12. h4 Bxd3 13. Kxd3 f5 14. Nge2 Kg7
15. Rh3 Nd7 16. Rf3 Kg6 17. Ng3 f4 18. exf4 f5 19. Re1 Rae8 20. Rxe8 Rxe8 21.
Nge2 h6 22. Nd1 Nf6 23. Rg3+ Kh7 24. Re3 Re4 25. f3 Rxe3+ 26. Nxe3 Nh5 27. Nxf5
Nxf4+ 28. Nxf4 Bxf4 29. h5 a6 30. g3 Bc1 31. Kc3 Bg5 32. f4 Bf6 33. Kd3 b6 34.
b4 Bg7 35. Ne7 c5 36. bxc5 bxc5 37. dxc5 Bf8 38. c6 1-0

[Event "DRUZYNOWE MISTRZOSTWA POLSKI JUNIOROW - II LIGA"]
[Site "Szczyrk, CKiR Orle Gniazdo ul. Wrzosowa 28a"]
[Date "2014-07-27"]
[Round "4.121"]
[White "Osinski, Kamil"]
[Black "Drozniak, Stanislaw"]
[Result "1-0"]
[WhiteTitle "I"]
[BlackTitle "II+"]
[WhiteElo "1815"]
[BlackElo "1579"]

1. e4 c6 2. d4 d5 3. Nc3 dxe4 4. Nxe4 Bf5 5. Ng3 Bg6 6. N1e2 Nf6 7. Nf4 e5 8. dxe5
Qa5+ 9. c3 Qxe5+ 10. Qe2 Nbd7 11. Nxg6 hxg6 12. Qxe5+ Nxe5 13. Bf4 Bd6 14. O-O-O
Nd3+ 15. Bxd3 Bxf4+ 16. Kc2 O-O-O 17. h3 Bxg3 18. fxg3 Nd5 19. Rhe1 Rhe8 20. Be4
Nf6 21. Bf3 Rxd1 22. Rxd1 Ne4 23. Re1 Nf6 24. Rxe8+ Nxe8 25. Kd3 Kc7 26. g4 g5
27. g3 Kd6 28. Ke4 Ke6 29. h4 f6 30. Kd4 Kd6 31. Bd1 Nc7 32. Ke4 Nd5 33. Bb3 Ne7
34. Bf7 c5 35. c4 b6 36. hxg5 fxg5 37. b3 a6 38. a3 a5 39. a4 g6 40. Bd5 Nc8 41.
Bg8 Ke7 42. Ke5 Nd6 43. Bd5 Ne8 44. Be4 Nf6 45. Bxg6 Nxg4+ 46. Kf5 Nf2 47. Kxg5
Ke6 48. Kf4 Nh3+ 49. Kg4 Nf2+ 50. Kf3 Nh3 51. g4 Ke5 52. Kg3 Ng5 53. Bc2 Ne6 54.
Kh4 Kf4 55. Kh5 Ng5 56. Bd1 Ne4 57. Kh4 Nf2 58. Be2 Ne4 59. Bd3 Ng5 60. Kh5 Nf3
61. Bc2 Ng5 62. Bf5 Nf3 63. Bd7 Ng5 64. Kg6 Ne4 65. Bf5 Ng5 66. Kf6 Nf3 67. Kg6
Ng5 68. Kf6 Nf3 69. Ke6 Nd4+ 70. Kd5 Nxb3 71. Kc6 Nd2 72. Kxb6 Nxc4+ 73. Kxc5
Nd2 74. Kb5 Nb3 75. Kc4 Nd2+ 76. Kc3 Nf3 77. Bc8 Ke5 78. Kc4 Ng5 79. Kb5 Kd6 80.
Kxa5 Kc7 81. Bf5 Kb7 82. Kb5 Ka7 83. Kc6 Ka6 84. Kd6 Ka5 85. Bd7 Ne4+ 86. Ke5
Nc5 87. Bb5 1-0

[Event "DRUZYNOWE MISTRZOSTWA POLSKI JUNIOROW - II LIGA"]
[Site "Szczyrk, CKiR Orle Gniazdo ul. Wrzosowa 28a"]
[Date "2014-07-27"]
[Round "4.122"]
[White "Koloczek, Maciej"]
[Black "Stanowski, Mateusz"]
[Result "1-0"]
[WhiteTitle "II"]
[BlackTitle "II"]
[WhiteElo "1461"]
[BlackElo "1336"]

1. e4 e5 2. Nf3 Nc6 3. Bc4 Bc5 4. c3 Nf6 5. d4 exd4 6. cxd4 Bb4+ 7. Bd2 Bxd2+ 8.
Nbxd2 d5 9. exd5 Nxd5 10. Qb3 Na5 11. Qa4+ c6 12. Bxd5 Qxd5 13. O-O O-O 14. Rac1
b6 15. Rfe1 f6 16. b4 Nb7 17. Qxc6 Qxa2 18. Nc4 Rb8 19. Re8 Bd7 20. Rxf8+ Rxf8
21. Qxd7 Nd8 22. Ne3 Nf7 23. d5 Qb2 24. Rc8 Qb1+ 25. Nf1 Qxb4 26. Rxf8+ Qxf8 27.
Qxa7 Qd8 28. Qb7 Nd6 29. Qc6 b5 30. Nd4 b4 31. Nb5 Ne4 32. d6 Nxd6 33. Nxd6 b3
34. Qe8+ 1-0

[Event "DRUZYNOWE MISTRZOSTWA POLSKI JUNIOROW - II LIGA"]
[Site "Szczyrk, CKiR Orle Gniazdo ul. Wrzosowa 28a"]
[Date "2014-07-27"]
[Round "4.126"]
[White "Hladun, Bartlomiej"]
[Black "Chmielarz, Maciej"]
[Result "0-1"]
[WhiteTitle "II"]
[BlackTitle "I"]
[WhiteElo "1295"]
[BlackElo "1862"]

1. e4 c6 2. d4 d5 3. exd5 cxd5 4. c4 e6 5. Nc3 Bb4 6. Nf3 Nf6 7. Bg5 Qa5 8. Qc2
Ne4 9. Bd2 Nxd2 10. Qxd2 dxc4 11. Bxc4 Nd7 12. O-O a6 13. a3 Bxc3 14. Qxc3 Qxc3
15. bxc3 b5 16. Bd3 Bb7 17. Ng5 Nf6 18. a4 h6 19. Nh3 bxa4 20. Rxa4 Ke7 21. Rfa1
Rhc8 22. c4 Rd8 23. c5 Nd5 24. Bxa6 Nc3 25. R4a3 Rxd4 26. Rxc3 Rxa6 27. Rb1 Bc6
28. f3 Ra2 29. Rf1 Rdd2 30. Nf2 Bb5 31. Rb1 Ba6 32. c6 Rxf2 33. Rb7+ Kf6 34. c7
Rxg2+ 35. Kh1 Rxh2+ 36. Kg1 Rag2# 0-1

[Event "DRUZYNOWE MISTRZOSTWA POLSKI JUNIOROW - II LIGA"]
[Site "Szczyrk, CKiR Orle Gniazdo ul. Wrzosowa 28a"]
[Date "2014-07-27"]
[Round "4.129"]
[White "Jedras, Adrianna"]
[Black "Sulima, Franciszek"]
[Result "0-1"]
[WhiteTitle "II"]
[BlackTitle "II"]
[WhiteElo "1263"]
[BlackElo "1243"]

1. e4 e6 2. d4 d5 3. exd5 exd5 4. Nf3 Bd6 5. Nc3 c6 6. Bg5 Nf6 7. Qe2+ Be6 8. O-O-O
h6 9. Bh4 O-O 10. Ne5 Nbd7 11. f4 Re8 12. h3 c5 13. Qd2 c4 14. g4 Bxe5 15. fxe5
Ne4 16. Nxe4 Qxh4 17. Nd6 Re7 18. Be2 Nb6 19. Rdf1 Nc8 20. Nf5 Bxf5 21. Rxf5 g6
22. Rf6 Re6 23. Rxe6 fxe6 24. Qe3 b5 25. Rf1 b4 26. Rf6 Qe1+ 27. Bd1 Qxe3+ 28.
Kb1 Qe4 29. Rxe6 c3 30. bxc3 bxc3 31. a3 Rb8+ 32. Ka1 Qe3 33. a4 Qc1+ 34. Ka2
Qb2# 0-1

[Event "DRUZYNOWE MISTRZOSTWA POLSKI JUNIOROW - II LIGA"]
[Site "Szczyrk, CKiR Orle Gniazdo ul. Wrzosowa 28a"]
[Date "2014-07-27"]
[Round "4.130"]
[White "Wyrzykowska, Aleksandra"]
[Black "Kopacka, Natalia"]
[Result "0-1"]
[WhiteTitle "II"]
[BlackTitle "II+"]
[WhiteElo "1080"]
[BlackElo "1294"]

1. e4 e5 2. Nf3 Nc6 3. d4 exd4 4. Bc4 Be7 5. O-O d6 6. Nxd4 Nxd4 7. Qxd4 Bf6 8.
Qd3 Be5 9. Qf3 Nf6 10. Nc3 Bg4 11. Qd3 c6 12. Bg5 Bc8 13. f4 Bxc3 14. Qxc3 Qb6+
15. Kh1 O-O 16. Bxf6 gxf6 17. Qxf6 Qd8 18. Qh6 Kh8 19. Rf3 d5 20. exd5 Bg4 21.
Bd3 f5 22. Rg3 Rg8 23. h3 Rg6 24. Qxg6 hxg6 25. hxg4 fxg4 26. Rxg4 cxd5 27. Re1
Qd6 28. Bxg6 Kg7 29. Re6 Qc5 30. Bh5+ Kh7 31. Rh4 Qd4 32. Re7+ Kg8 33. Rg4+ Kh8
34. Rgg7 Qxg7 35. Rxg7 Kxg7 36. g4 Rf8 37. f5 Kf6 38. Kg2 Rc8 39. c3 Rc4 40. Kg3
d4 41. cxd4 Rxd4 42. Kh4 Rd2 43. Bg6 Rxb2 44. g5+ Kg7 45. Kh5 Rh2+ 46. Kg4 Rxa2
47. Bh5 Ra4+ 48. Kg3 Ra3+ 49. Bf3 b5 50. Kg4 Ra4+ 51. Kh5 Ra3 52. Bg4 b4 53. f6+
Kf7 54. Bf5 Rf3 55. Bg6+ Kf8 56. Kh6 Rh3+ 57. Bh5 Rxh5+ 58. Kxh5 b3 59. g6 b2
60. g7+ Kf7 61. Kh6 b1=Q 62. Kg5 Qg6+ 63. Kf4 Qxf6+ 64. Ke4 Kxg7 65. Kd5 Qe7 66.
Kd4 Qe6 67. Kc5 Qd7 68. Kb4 Qc6 69. Kb3 Qc5 70. Kb2 Qc4 71. Ka1 Qb4 72. Ka2 Kf6
73. Ka1 Ke5 74. Ka2 Kd4 75. Ka1 Kc3 76. Ka2 Qb2# 0-1

[Event "DRUZYNOWE MISTRZOSTWA POLSKI JUNIOROW - II LIGA"]
[Site "Szczyrk, CKiR Orle Gniazdo ul. Wrzosowa 28a"]
[Date "2014-07-27"]
[Round "4.132"]
[White "Madalinski, Jan"]
[Black "Kokoszczynski, Jan"]
[Result "0-1"]
[WhiteTitle "II"]
[BlackTitle "I"]
[WhiteElo "1474"]
[BlackElo "1753"]

1. d4 Nf6 2. c4 g6 3. Nc3 d5 4. cxd5 Nxd5 5. g3 Bg7 6. Bg2 Nxc3 7. bxc3 O-O 8.
Ba3 c6 9. Nf3 Nd7 10. O-O Re8 11. Nd2 e5 12. Nc4 exd4 13. cxd4 Nb6 14. Nd6 Bf8
15. Nxe8 Bxa3 16. Qd3 Be7 17. a4 Qxe8 18. a5 Nd5 19. Rfb1 Qd8 20. Qc4 Nc7 21.
a6 Be6 22. Qc3 bxa6 23. Bxc6 Rb8 24. Rc1 Nb5 25. Bxb5 axb5 26. Rxa7 b4 27. Qb2
Bf6 28. e3 b3 29. Rc5 Qb6 30. Raa5 Qb4 31. Kg2 Qb7+ 32. f3 Ra8 33. Kf2 Rxa5 34.
Rxa5 Qc7 35. Qa3 Be7 36. Ra8+ Kg7 37. Qb2 Qc2+ 38. Qxc2 bxc2 39. Ra1 Ba3 0-1